| 000 | 00789cab a2200277 4500 | ||
|---|---|---|---|
| 001 | WB3116-104 | ||
| 008 | 090401t1995 xxu||||| |||| 00| 0 eng d | ||
| 035 | _a(Sirsi) u11233 | ||
| 041 | _aeng | ||
| 245 | _aAs seen on TV | ||
| 260 | _c1995 | ||
| 350 | _a0 | ||
| 490 |
_aProperty Week _v51(3) 20 April 1995, 19(1) |
||
| 520 | _aThree companies, Alliance and Leicester, Connell and VisionRay, have begun producing innovative videos of homes for sale. | ||
| 650 | _aALLIANCE AND LEICESTER | ||
| 650 | _aASDA | ||
| 650 | _aMARKETING | ||
| 650 | _aPPTV | ||
| 650 | _aPROPERTY MARKETING | ||
| 650 | _aTHROUGH THE KEYHOLE | ||
| 650 | _aVIDEO | ||
| 650 | _aVIEW BY VIDEO | ||
| 690 | _aMANAGEMENT-BUSINESS MANAGEMENT-PROFESSIONAL PRACTICE | ||
| 942 | _n0 | ||
| 948 | _c04/03/1997 | ||
| 999 |
_c7146 _d7146 |
||